[Event "Niederrhein-ch"]
[Site "Kamp Lintfort"]
[Date "2017.04.12"]
[Round "5"]
[White "Mohrholz, Stefan"]
[Black "Ruprecht, Thomas"]
[Result "1/2-1/2"]
[WhiteElo "1968"]
[BlackElo "2022"]
[PlyCount "37"]
[EventDate "2017.04.08"]
[EventType "swiss"]
[EventRounds "7"]
[EventCountry "GER"]
[SourceTitle "EXT 2022"]
[Source "ChessBase"]
[SourceDate "2021.10.06"]
[SourceVersion "1"]
[SourceVersionDate "2021.10.06"]
[SourceQuality "1"]

1. d4 f5 2. c4 Nf6 3. Nc3 g6 4. h4 h6 5. Nh3 e6 6. Nf4 Rg8 7. e4 Nxe4 8. Nxe4 fxe4 9. Be2 Qf6 10. Be3 Nc6 11. d5 Ne5 12. Qd4 Nd3+ 13. Nxd3 Qxd4 14. Bxd4 exd3 15. Bxd3 d6 16. 0-0-0 e5 17. Rde1 Kf7 18. Bc3 Bf5 19. Be4 1/2-1/2

[Event "Niederrhein-ch"]
[Site "Solingen"]
[Date "2016.03.23"]
[Round "5"]
[White "Komans, Dieter"]
[Black "Mohrholz, Stefan"]
[Result "0-1"]
[WhiteElo "2010"]
[BlackElo "1951"]
[PlyCount "56"]
[EventDate "2016.03.19"]
[EventType "swiss"]
[EventRounds "7"]
[EventCountry "GER"]
[SourceTitle "EXT 2018"]
[Source "ChessBase"]
[SourceDate "2017.10.13"]
[SourceVersion "1"]
[SourceVersionDate "2017.10.13"]
[SourceQuality "1"]

1. e4 c5 2. Nf3 Nc6 3. Bb5 g6 4. 0-0 Bg7 5. c3 Nf6 6. d4 Nxe4 7. d5 Nb8 8. Re1 Nd6 9. Bg5 f6 10. Bf4 Nxb5 11. Qe2 a6 12. a4 Nxc3 13. Nxc3 d6 14. Bxd6 Qxd6 15. Ne4 Qd8 16. Nxc5 0-0 17. Rad1 Re8 18. Ne6 Qb6 19. Qc4 Bxe6 20. Rxe6 Qd8 21. d6 Kh8 22. Rde1 Nc6 23. Qe4 Ne5 24. Rxe5 fxe5 25. Ng5 Rf8 26. Nxh7 Kxh7 27. Qh4+ Bh6 28. dxe7 Qd4 0-1

[Event "Goch op 26th"]
[Site "Goch"]
[Date "2015.09.03"]
[Round "1"]
[White "Kleinschmidt, Irmtraud"]
[Black "Mohrholz, Stefan"]
[Result "0-1"]
[WhiteElo "1445"]
[BlackElo "1951"]
[PlyCount "120"]
[EventDate "2015.09.03"]
[EventType "swiss"]
[EventRounds "7"]
[EventCountry "GER"]
[SourceTitle "EXT 2018"]
[Source "ChessBase"]
[SourceDate "2017.10.13"]
[SourceVersion "1"]
[SourceVersionDate "2017.10.13"]
[SourceQuality "1"]

1. e4 c5 2. c4 Nc6 3. Nf3 g6 4. Nc3 Bg7 5. Rb1 Nf6 6. d3 0-0 7. Be2 d6 8. 0-0 a6 9. a3 Bg4 10. Bd2 Nd7 11. Nd5 e6 12. Ne3 Bxf3 13. Bxf3 Nd4 14. Nc2 Nxf3+ 15. Qxf3 Ne5 16. Qe2 Qd7 17. Ne3 Nc6 18. Nc2 d5 19. cxd5 exd5 20. b4 cxb4 21. Bxb4 Rfe8 22. Rfd1 Rac8 23. Be1 b5 24. f3 Qe6 25. Bf2 Bc3 26. Be1 Nd4 27. Nxd4 Bxd4+ 28. Bf2 Bc3 29. Be1 d4 30. Bd2 Qb6 31. Bc1 a5 32. Bb2 b4 33. Kf1 b3 34. Qf2 a4 35. g3 Qd6 36. Kg2 Bxb2 37. Rxb2 Rc3 38. Rdd2 Rd8 39. f4 Qxa3 40. Kh3 Qc5 41. Qe1 a3 42. Rb1 b2 43. e5 Rc1 44. Rd1 Qc8+ 45. Kg2 Qc2+ 46. Qd2 Qxd2+ 47. Rxd2 Rxb1 48. Re2 a2 49. e6 fxe6 50. Rxe6 a1Q 51. Re5 Qa8+ 52. Kf2 Rh1 53. Re4 Qxe4 54. dxe4 Rxh2+ 55. Kf3 b1Q 56. Kg4 Qd1+ 57. Kg5 Kg7 58. f5 Qd2+ 59. Kg4 h5+ 60. Kf3 Qe3# 0-1

[Event "Goch op 25th"]
[Site "Goch"]
[Date "2014.09.05"]
[Round "2"]
[White "Heinert, Eugen"]
[Black "Mohrholz, Stefan"]
[Result "1-0"]
[WhiteElo "2161"]
[BlackElo "1960"]
[PlyCount "115"]
[EventDate "2014.09.04"]
[EventType "swiss"]
[EventRounds "7"]
[EventCountry "GER"]
[SourceTitle "EXT 2016"]
[Source "ChessBase"]
[SourceDate "2015.10.08"]
[SourceVersion "1"]
[SourceVersionDate "2015.10.08"]
[SourceQuality "1"]

1. d4 Nf6 2. c4 c5 3. dxc5 Na6 4. Nc3 Nxc5 5. g3 g6 6. Bg2 Bg7 7. Nh3 0-0 8. 0-0 d6 9. Nf4 Bf5 10. Be3 Nfe4 11. Nxe4 Bxe4 12. Bxe4 Nxe4 13. Qd5 Nc5 14. Bxc5 dxc5 15. Qxc5 b6 16. Qb4 e6 17. Rad1 Qf6 18. Rd2 Rfd8 19. Rfd1 Rxd2 20. Rxd2 Bh6 21. Qd6 Bxf4 22. Qxf4 Qxf4 23. gxf4 Rc8 24. b3 Rc7 25. Kg2 Kf8 26. Kf3 Ke7 27. Ke3 Rc5 28. Kf3 Rh5 29. Kg2 Ra5 30. e3 Rc5 31. Kf1 Rh5 32. Kg2 Rc5 33. Kf1 Rh5 34. f3 h6 35. Ke1 Rh3 36. Rf2 Rh5 37. b4 Kd6 38. Kd2 Kc6 39. Kc3 Rf5 40. Kd4 Kd6 41. b5 g5 42. fxg5 Rxg5 43. a4 Rg1 44. Rd2 Rc1 45. f4 f6 46. Rg2 e5+ 47. fxe5+ fxe5+ 48. Kd3 Kc5 49. Rg6 e4+ 50. Kxe4 Rxc4+ 51. Kf5 Rh4 52. e4 Rxh2 53. e5 Rh5+ 54. Ke6 Rh4 55. Kd7 Kd5 56. e6 Rxa4 57. e7 Re4 58. Rd6+ 1-0

[Event "Rheinhausen-ch op 18th"]
[Site "Rheinhausen"]
[Date "2014.02.07"]
[Round "3"]
[White "Heinert, Eugen"]
[Black "Mohrholz, Stefan"]
[Result "1-0"]
[WhiteElo "2193"]
[BlackElo "1889"]
[PlyCount "101"]
[EventDate "2014.01.10"]
[EventType "swiss"]
[EventRounds "7"]
[EventCountry "GER"]
[SourceTitle "EXT 2017"]
[Source "ChessBase"]
[SourceDate "2016.10.25"]
[SourceVersion "1"]
[SourceVersionDate "2016.10.25"]
[SourceQuality "1"]

1. d4 Nf6 2. Nc3 d5 3. Bg5 e6 4. e4 Be7 5. e5 Nfd7 6. h4 a6 7. Qg4 f5 8. exf6 Nxf6 9. Bxf6 Bxf6 10. Bd3 Nc6 11. Nf3 Ne7 12. Qh5+ g6 13. Qh6 Qd6 14. h5 Ng8 15. Qe3 gxh5 16. Rxh5 Bd7 17. Rxd5 Qe7 18. Rh5 0-0-0 19. 0-0-0 Be8 20. Rh3 h5 21. Rhh1 Nh6 22. Bc4 Bf7 23. Rhe1 Nf5 24. Bxe6+ Bxe6 25. Qxe6+ Qxe6 26. Rxe6 Bxd4 27. Nxd4 Nxd4 28. Re4 Nf5 29. Rxd8+ Kxd8 30. Rf4 Nd6 31. Ne4 Nxe4 32. Rxe4 Rf8 33. Re2 Kd7 34. Kd2 Rf5 35. Ke1 Ra5 36. a3 Rg5 37. f3 Kd6 38. Kf2 Rb5 39. b3 Ra5 40. a4 Rc5 41. Kg3 Kd5 42. Kh4 Kd4 43. Re4+ Kc3 44. Rc4+ Rxc4+ 45. bxc4 Kxc4 46. g4 b5 47. a5 hxg4 48. fxg4 Kd5 49. Kg5 Ke6 50. Kg6 c5 51. g5 1-0

[Event "Goch op 24th"]
[Site "Goch"]
[Date "2013.09.08"]
[Round "6"]
[White "Mohrholz, Stefan"]
[Black "Schulte, Christian"]
[Result "1/2-1/2"]
[WhiteElo "1976"]
[BlackElo "2136"]
[PlyCount "64"]
[EventDate "2013.09.05"]
[EventType "swiss"]
[EventRounds "7"]
[EventCountry "GER"]
[SourceTitle "EXT 2015"]
[Source "ChessBase"]
[SourceDate "2014.11.20"]
[SourceVersion "1"]
[SourceVersionDate "2014.11.20"]
[SourceQuality "1"]

1. d4 Nf6 2. c4 c5 3. Nf3 e6 4. d5 exd5 5. cxd5 d6 6. Nc3 g6 7. g3 Bg7 8. Bg2 0-0 9. 0-0 a6 10. a4 Nbd7 11. e4 Re8 12. Nd2 Rb8 13. Nc4 Nb6 14. Ne3 Bd7 15. f4 Nc8 16. a5 Bb5 17. Re1 b6 18. axb6 Nxb6 19. Nxb5 axb5 20. Qc2 c4 21. Bd2 Na4 22. Nxc4 bxc4 23. Rxa4 Qb6+ 24. Kh1 Ng4 25. h3 Qf2 26. e5 Nh6 27. Rxc4 dxe5 28. fxe5 Nf5 29. g4 Ng3+ 30. Kh2 Bxe5 31. Rxe5 Nf1+ 32. Kh1 Ng3+ 1/2-1/2

[Event "Goch op 24th"]
[Site "Goch"]
[Date "2013.09.08"]
[Round "7"]
[White "Thomas, Ingo"]
[Black "Mohrholz, Stefan"]
[Result "1-0"]
[WhiteElo "2149"]
[BlackElo "1976"]
[PlyCount "43"]
[EventDate "2013.09.05"]
[EventType "swiss"]
[EventRounds "7"]
[EventCountry "GER"]
[SourceTitle "EXT 2015"]
[Source "ChessBase"]
[SourceDate "2014.11.20"]
[SourceVersion "1"]
[SourceVersionDate "2014.11.20"]
[SourceQuality "1"]

1. Nf3 Nf6 2. c4 g6 3. Nc3 d5 4. cxd5 Nxd5 5. g3 Bg7 6. Bg2 0-0 7. d4 Nxc3 8. bxc3 c5 9. 0-0 cxd4 10. Nxd4 Qa5 11. Qb3 Na6 12. Qa3 Qc7 13. Rb1 Rd8 14. Nb5 Qc4 15. Be3 Bd7 16. Nxa7 Nc7 17. Rxb7 Nb5 18. Qxe7 Nxa7 19. Rxa7 Bf8 20. Qe4 Qxe4 21. Bxe4 Rxa7 22. Bxa7 1-0

[Event "Goch op 23rd"]
[Site "Goch"]
[Date "2012.08.31"]
[Round "2"]
[White "Mohrholz, Stefan"]
[Black "Rosenberger, Frank"]
[Result "0-1"]
[WhiteElo "2002"]
[BlackElo "2167"]
[PlyCount "56"]
[EventDate "2012.08.30"]
[EventType "swiss"]
[EventRounds "7"]
[EventCountry "GER"]
[SourceTitle "EXT 2015"]
[Source "ChessBase"]
[SourceDate "2014.11.20"]
[SourceVersion "1"]
[SourceVersionDate "2014.11.20"]
[SourceQuality "1"]

1. d4 d5 2. c4 e6 3. Nf3 c6 4. Nc3 Nf6 5. Bg5 h6 6. Bh4 dxc4 7. e4 g5 8. Bg3 b5 9. e5 Nd5 10. Be2 Bb4 11. Rc1 Qa5 12. Qc2 Qxa2 13. 0-0 Bxc3 14. bxc3 Qxc2 15. Rxc2 Nd7 16. Nd2 f5 17. exf6 N7xf6 18. Be5 0-0 19. Bf3 Bd7 20. Rd1 a5 21. Bd6 Rfc8 22. h3 Ra6 23. Ra1 Be8 24. Ne4 Nxe4 25. Bxe4 Nf4 26. Kh2 Bg6 27. Bxf4 Bxe4 28. Re2 Bd3 0-1

[Event "Goch op 15th"]
[Site "Goch"]
[Date "2004.10.03"]
[Round "6"]
[White "Weber, Rolf"]
[Black "Mohrholz, Stefan"]
[Result "1/2-1/2"]
[WhiteElo "2095"]
[BlackElo "2031"]
[PlyCount "118"]
[EventDate "2004.09.30"]
[EventType "swiss"]
[EventRounds "7"]
[EventCountry "GER"]
[SourceTitle "EXT 2006"]
[Source "ChessBase"]
[SourceDate "2005.11.24"]
[SourceVersion "1"]
[SourceVersionDate "2005.11.24"]
[SourceQuality "1"]

1. e4 e6 2. d4 d5 3. Nc3 Bb4 4. e5 c5 5. a3 Ba5 6. b4 cxd4 7. Nb5 Bc7 8. f4 Nc6 9. Nf3 Nge7 10. Nfxd4 Nxd4 11. Nxd4 0-0 12. Bd3 f6 13. exf6 Rxf6 14. 0-0 Nc6 15. Nxc6 bxc6 16. c4 Qf8 17. g3 c5 18. Bb2 cxb4 19. cxd5 Bb6+ 20. Kh1 Bb7 21. Be4 exd5 22. Bf3 Rd6 23. axb4 Qf5 24. Be5 Rdd8 25. Qb3 Kh8 26. Rad1 Rac8 27. Rc1 Qd7 28. Kg2 h6 29. h3 Qb5 30. Qb2 Rd7 31. Rxc8+ Bxc8 32. Bg4 Ba6 33. Re1 d4 34. Bxd7 Qxd7 35. f5 Bb7+ 36. Kh2 Qxf5 37. Bf4 Kh7 38. Qb1 Qxb1 39. Rxb1 d3 40. Bd6 Be3 41. Bc5 Bg5 42. h4 Bf6 43. Rb3 Ba6 44. Be3 Bc4 45. Ra3 a6 46. Bd2 Kg6 47. Ra5 Bb5 48. g4 Bxh4 49. Ra1 Bg5 50. Bxg5 Kxg5 51. Kg3 g6 52. Rf1 Ba4 53. Rf2 h5 54. gxh5 gxh5 55. Rh2 Bb5 56. Rh4 Kf5 57. Kf3 Kg5 58. Kg3 Kf5 59. Kf3 Kg5 1/2-1/2

[Event "Goch op 15th"]
[Site "Goch"]
[Date "2004.10.02"]
[Round "4"]
[White "Mohrholz, Stefan"]
[Black "Anders, Hartmut"]
[Result "1-0"]
[WhiteElo "2031"]
[BlackElo "1665"]
[PlyCount "61"]
[EventDate "2004.09.30"]
[EventType "swiss"]
[EventRounds "7"]
[EventCountry "GER"]
[SourceTitle "EXT 2006"]
[Source "ChessBase"]
[SourceDate "2005.11.24"]
[SourceVersion "1"]
[SourceVersionDate "2005.11.24"]
[SourceQuality "1"]

1. Nf3 d5 2. d4 Nf6 3. g3 e6 4. Bg2 Bd6 5. 0-0 0-0 6. b3 Nbd7 7. Bb2 c6 8. Nbd2 b6 9. c4 Bb7 10. Rc1 Rc8 11. e3 Re8 12. Ne5 Qe7 13. f4 Ba3 14. Qc2 Bxb2 15. Qxb2 Nxe5 16. fxe5 Nd7 17. e4 Rf8 18. Qc3 f5 19. exf5 Rxf5 20. Rxf5 exf5 21. cxd5 Nb8 22. d6 Qf7 23. d5 Qd7 24. Qd4 Kf8 25. Qf4 cxd5 26. Re1 Qe6 27. Nf3 Nc6 28. Ng5 Qg6 29. Bxd5 Nd8 30. Bxb7 Nxb7 31. d7 1-0

[Event "Kleve op"]
[Site "Kleve"]
[Date "2002.05.11"]
[Round "6"]
[White "Mohrholz, Stefan"]
[Black "Breuer, Marian"]
[Result "1-0"]
[WhiteElo "2051"]
[BlackElo "1699"]
[PlyCount "63"]
[EventDate "2002.05.09"]
[EventType "swiss"]
[EventRounds "7"]
[EventCountry "GER"]
[SourceTitle "EXT 2008"]
[Source "ChessBase"]
[SourceDate "2007.11.25"]
[SourceVersion "1"]
[SourceVersionDate "2007.11.25"]
[SourceQuality "1"]

1. Nf3 Nf6 2. d4 c5 3. e3 b6 4. Bd3 d5 5. c3 Bb7 6. Nbd2 g6 7. Ne5 Nbd7 8. f4 Bg7 9. 0-0 0-0 10. Qe1 c4 11. Bc2 b5 12. Qh4 Ne4 13. g4 Ndf6 14. g5 Ne8 15. Nxe4 dxe4 16. Ng4 f5 17. Ne5 Nd6 18. Qf2 a5 19. b3 e6 20. Ba3 Rc8 21. Bc5 Re8 22. bxc4 Bxe5 23. dxe5 Rxc5 24. Rfd1 Rxc4 25. Rxd6 Qc8 26. Bb3 Rxc3 27. Qd2 Rd3 28. Rc1 Qa8 29. Rxd3 exd3 30. Qxd3 a4 31. Qd7 Bd5 32. Rc7 1-0

[Event "Kleve op"]
[Site "Kleve"]
[Date "2002.05.11"]
[Round "5"]
[White "Peters, Georg"]
[Black "Mohrholz, Stefan"]
[Result "1/2-1/2"]
[WhiteElo "1693"]
[BlackElo "2051"]
[PlyCount "53"]
[EventDate "2002.05.09"]
[EventType "swiss"]
[EventRounds "7"]
[EventCountry "GER"]
[SourceTitle "EXT 2008"]
[Source "ChessBase"]
[SourceDate "2007.11.25"]
[SourceVersion "1"]
[SourceVersionDate "2007.11.25"]
[SourceQuality "1"]

1. d4 Nf6 2. Nf3 g6 3. c4 d5 4. cxd5 Nxd5 5. e4 Nf6 6. Nc3 Bg7 7. h3 0-0 8. Be3 c6 9. Be2 Qa5 10. 0-0 Nbd7 11. Rb1 e5 12. b4 Qc7 13. Qc2 exd4 14. Bxd4 Re8 15. e5 Nh5 16. e6 fxe6 17. Bxg7 Nxg7 18. Ne4 Rf8 19. Rfd1 Nb6 20. b5 Bd7 21. Rdc1 Nd5 22. Qb2 Rac8 23. Nc5 Be8 24. Nd4 Qf7 25. Bg4 Nf4 26. Re1 cxb5 27. Ndxe6 1/2-1/2

[Event "Kleve op"]
[Site "Kleve"]
[Date "2002.05.10"]
[Round "4"]
[White "Mohrholz, Stefan"]
[Black "Dresen, Ulrich"]
[Result "0-1"]
[WhiteElo "2051"]
[BlackElo "2265"]
[PlyCount "58"]
[EventDate "2002.05.09"]
[EventType "swiss"]
[EventRounds "7"]
[EventCountry "GER"]
[SourceTitle "EXT 2008"]
[Source "ChessBase"]
[SourceDate "2007.11.25"]
[SourceVersion "1"]
[SourceVersionDate "2007.11.25"]
[SourceQuality "1"]

1. Nf3 d5 2. g3 c6 3. Bg2 Bg4 4. d3 Nd7 5. Nbd2 e6 6. 0-0 Bd6 7. e4 Ne7 8. c3 0-0 9. Qc2 Rc8 10. Re1 c5 11. exd5 exd5 12. Qa4 Bf5 13. d4 Qc7 14. Nf1 c4 15. Ne3 Be4 16. Nxc4 b5 17. Qxb5 Bd3 18. Bh3 Rcd8 19. Qa5 Qxc4 20. b3 Qa6 21. Qxa6 Bxa6 22. Bg5 Rfe8 23. a4 h6 24. Bd2 Nf6 25. Rec1 Ne4 26. c4 Nxd2 27. Nxd2 Bb4 28. Nf3 Nc6 29. cxd5 Na5 0-1

[Event "Duisburg op 6th"]
[Site "Duisburg"]
[Date "1999.??.??"]
[Round "3"]
[White "Bock, Juergen"]
[Black "Mohrholz, Stefan"]
[Result "1-0"]
[WhiteElo "2224"]
[BlackElo "1923"]
[PlyCount "57"]
[EventDate "1999.05.21"]
[EventType "swiss"]
[EventRounds "7"]
[EventCountry "GER"]
[SourceTitle "EXT 2004"]
[Source "ChessBase"]
[SourceDate "2003.11.25"]
[SourceVersion "1"]
[SourceVersionDate "2003.11.25"]
[SourceQuality "1"]

1. d4 Nf6 2. c4 g6 3. Nc3 d5 4. cxd5 Nxd5 5. e4 Nxc3 6. bxc3 Bg7 7. Bc4 0-0 8. Ne2 c5 9. 0-0 Nc6 10. Be3 Na5 11. Bd3 c4 12. Bc2 b6 13. Qd2 Bd7 14. Bh6 Qc7 15. Bxg7 Kxg7 16. f4 f6 17. f5 e6 18. fxe6 Bxe6 19. Nf4 Rae8 20. Kh1 Nb7 21. Rf3 Nd6 22. Raf1 Bg8 23. e5 fxe5 24. Nh5+ gxh5 25. Qg5+ Kh8 26. Rxf8 Rxf8 27. Qxe5+ Qg7 28. Rxf8 Qxe5 29. dxe5 1-0